| 000 | 01417nam a2200325 i 4500 | ||
|---|---|---|---|
| 001 | 990233844070107026 | ||
| 003 | UkOxU | ||
| 005 | 20260304111009.0 | ||
| 008 | 221003r20232022enk b 001|0|eng|d | ||
| 015 |
_aGBC2L7999 _2bnb |
||
| 016 | 7 |
_a020830926 _2Uk |
|
| 020 |
_a9780753558263 _qpaperback _cĐ11.99 |
||
| 035 | _a(UkOxU)023384407 | ||
| 035 | _a(UkOxU)023384407BIB01 | ||
| 035 | _a(Uk)020830926 | ||
| 040 |
_aStDuBDS _beng _erda _cStDuBDS _dUkOxU |
||
| 041 | _aEnglish | ||
| 100 |
_aRamirez, Janina, _d1980- _eauthor. _1https://isni.org/isni/0000000102004847 |
||
| 245 | 1 | 0 |
_aFemina _b: a new history of the Middle Ages, through the women written out of it _c/ Janina Ramirez. |
| 264 | 1 |
_aLondon : _bWH Allen, _c2023. |
|
| 300 |
_axv, 447 pages ; _c20 cm |
||
| 500 | _aOriginally published 2022. | ||
| 504 | _aIncludes bibliographical references and index. | ||
| 520 | _aAn instant bestseller and one of the most celebrated history books of the year, Femina reveals the power and influence of medieval women who have been written out of our history. From royalty and religion to fame and fury, see the medieval world - and the women erased from it - with fresh eyes. | ||
| 650 | 0 |
_aWomen -- History Middle Ages, 500-1500. _926761 |
|
| 650 | 0 |
_aWomen -- Social conditions History To 1500. _926759 |
|
| 650 | 0 |
_aFeminism -- History. _926762 |
|
| 650 | 0 |
_aCivilization, Medieval. _926760 |
|
| 942 | _2lcc | ||
| 999 |
_c5370 _d5370 |
||